[Event "Turniej Niepodleglosci 2022"]
[Site "Warsaw POL"]
[Date "2022.11.11"]
[Round "4.19"]
[White "Kubicka, Anna"]
[Black "Bartodziej, Bartosz"]
[Result "1-0"]
[WhiteElo "2162"]
[BlackElo "1757"]

1. e4 c5 2. Ne2 d6 3. g3 Nf6 4. Bg2 g6 5. c3 Bg7 6. d4 O-O 7. O-O Nbd7 8.
h3 Rb8 9. Be3 Qc7 10. Nd2 b5 11. a4 b4 12. cxb4 Rxb4 13. Qc2 Ba6 14. Rfe1
Qb8 15. e5 dxe5 16. dxc5 Rxb2 17. Qc3 Bxe2 18. Rxe2 e4 19. Bf4 e5 20. Be3
Nd5 21. Qa3 f5 22. Ra2 Rb4 23. c6 Nxe3 24. Qxe3 Nb6 25. a5 Nd5 26. Qc5 Rb5
27. Qc4 Kh8 28. Nf1 a6 29. Rad2 Nc7 30. Rd7 Rd8 31. Red2 Rxd7 32. cxd7 Bf6
33. Qc6 Qd8 34. Rc2 Nd5 35. Qe6 Nc7 36. Rxc7 Qxc7 37. Qxf6+ Kg8 1-0

[Event "Turniej Niepodleglosci 2022"]
[Site "Warsaw POL"]
[Date "2022.11.11"]
[Round "4.20"]
[White "Jakubowska, Anna"]
[Black "Nguyen, Piotr"]
[Result "1-0"]
[WhiteElo "2039"]
[BlackElo "2330"]

1. e4 g6 2. d4 Bg7 3. Nc3 d6 4. g3 Nf6 5. Bg2 O-O 6. Nge2 Na6 7. O-O c5 8.
h3 Rb8 9. Be3 b5 10. dxc5 dxc5 11. e5 Nd7 12. f4 Bb7 13. Ne4 Qc7 14. N2c3
Bc6 15. Qf3 Nb4 16. Qf2 Rfc8 17. Rad1 a5 18. a3 Na6 19. Nd5 Bxd5 20. Rxd5
Nb6 21. Nxc5 Nxd5 22. Nxa6 Qc4 23. b3 Qc6 24. Nxb8 Rxb8 25. Rd1 e6 26. Qd2
b4 27. axb4 axb4 28. Bxd5 exd5 29. Qxd5 Qxc2 30. Bc5 h5 31. Bd6 Rc8 32. Qd3
Bf8 33. Qxc2 Rxc2 34. Rd4 Rc3 35. Rxb4 Bxd6 36. exd6 Rxg3+ 37. Kf2 Rd3 38.
Rb6 f5 39. Ke2 Rd5 40. b4 Kf7 41. b5 Ke6 42. Ke3 Kd7 43. Rb7+ Kxd6 44. Rb6+
Ke7 45. Rxg6 Rxb5 46. Kd4 Rb3 47. Ke5 Rb5+ 48. Kd4 Rb3 49. Ke5 Rb5+ 50. Kd4
Rb3 51. Rh6 Rxh3 52. Ke5 Kf7 53. Kxf5 Kg7 54. Ra6 Rb3 55. Kg5 Rb5+ 56. f5
Kf8 57. Kf6 Kg8 58. Kg6 Kf8 59. f6 Rb8 60. Ra7 1-0

[Event "Turniej Niepodleglosci 2022"]
[Site "Warsaw POL"]
[Date "2022.11.11"]
[Round "5.1"]
[White "Nasuta, Grzegorz"]
[Black "Pacan-milej, Kosma"]
[Result "1-0"]
[WhiteElo "2452"]
[BlackElo "2302"]

1. e4 c6 2. d4 d5 3. e5 Bf5 4. Nf3 e6 5. Be2 Nd7 6. O-O Ne7 7. Nh4 Be4 8.
Nd2 c5 9. c3 Nc6 10. g3 cxd4 11. Nxe4 dxe4 12. cxd4 Be7 13. Ng2 Nb6 14. Be3
O-O 15. Kh1 Rc8 16. Qb1 Nd5 17. Qxe4 Qb6 18. Rab1 Rfd8 19. h4 Qa5 20. a3 g6
21. h5 Nxe3 22. fxe3 Qd2 23. Bg4 Kg7 24. Kg1 Bg5 25. Rf2 Qa5 26. Rbf1 Rc7
27. Nf4 Re8 28. Be2 Nd8 29. Bd3 Bxf4 30. Qxf4 Kg8 31. Qf6 1-0

[Event "Turniej Niepodleglosci 2022"]
[Site "Warsaw POL"]
[Date "2022.11.11"]
[Round "5.2"]
[White "Kanarek, Marcel"]
[Black "Psyk, Radoslaw"]
[Result "1/2-1/2"]
[WhiteElo "2388"]
[BlackElo "2330"]

1. e4 Nf6 2. e5 Nd5 3. d4 d6 4. Nf3 dxe5 5. Nxe5 c6 6. Be2 Bf5 7. O-O Nd7
8. Nf3 e6 9. c4 N5f6 10. Nc3 Ne4 11. Bd3 Nxc3 12. bxc3 Bxd3 13. Qxd3 Be7
14. Bf4 O-O 15. Rab1 Rc8 16. Rfe1 Re8 17. Bg3 b6 18. a4 Bf8 19. Qc2 c5 20.
d5 exd5 21. Rxe8 Qxe8 22. cxd5 c4 23. Re1 Qd8 24. d6 Nc5 25. Qf5 Qd7 26.
Qd5 Nd3 27. Re4 Rc5 28. Qa8 Rc8 29. Qd5 Rc5 30. Qa8 Rc8 31. Qd5 Rc5 32. Qa8
1/2-1/2

[Event "Turniej Niepodleglosci 2022"]
[Site "Warsaw POL"]
[Date "2022.11.11"]
[Round "5.3"]
[White "Kowalski, Igor"]
[Black "Piesik, Piotr"]
[Result "0-1"]
[WhiteElo "2299"]
[BlackElo "2376"]

1. d4 c5 2. d5 e5 3. Nd2 d6 4. e4 Be7 5. a4 Bg5 6. Nc4 Bxc1 7. Qxc1 Nf6 8.
Bd3 O-O 9. Ne2 Ne8 10. O-O Nd7 11. f4 exf4 12. Qxf4 Qe7 13. Rae1 Ne5 14.
Ng3 Nxc4 15. Bxc4 Qe5 16. c3 Bd7 17. Bb5 Bxb5 18. axb5 Qxf4 19. Rxf4 a6 20.
Ra1 Nc7 21. b6 Ne8 22. Nf5 Rd8 23. b4 g6 24. Ne7+ Kg7 25. bxc5 dxc5 26. e5
Rd7 27. d6 f6 28. Raf1 Kf7 29. Rxf6+ Nxf6 30. Rxf6+ Kg7 31. Rxf8 Kxf8 32.
Nd5 a5 33. Nc7 a4 34. Ne6+ Ke8 35. Nxc5 a3 36. Nb3 Rf7 37. c4 Rf4 38. e6
Rxc4 39. d7+ Ke7 40. Kf2 a2 0-1

[Event "Turniej Niepodleglosci 2022"]
[Site "Warsaw POL"]
[Date "2022.11.11"]
[Round "5.4"]
[White "Bartel, Mateusz"]
[Black "Nurkiewicz, Maciej"]
[Result "1-0"]
[WhiteElo "2533"]
[BlackElo "2246"]

1. e4 c6 2. Nf3 d5 3. Nc3 Bg4 4. h3 Bxf3 5. Qxf3 e6 6. Qg3 Nd7 7. d4 Qb6 8.
exd5 exd5 9. Bd3 Qxd4 10. O-O O-O-O 11. Be3 Qe5 12. Bf4 Qh5 13. Rfe1 Ngf6
14. Na4 d4 15. c4 Qa5 16. b3 Nh5 17. Qg4 Nxf4 18. Qxf4 f6 19. Bf5 Qc7 20.
Qxd4 c5 21. Qd5 g6 22. Be6 Qd6 23. Qxd6 Bxd6 24. Rad1 Kc7 25. Nc3 a6 26.
Nd5+ Kc6 27. Bxd7+ Rxd7 28. Nxf6 Re7 29. Rxe7 Bxe7 30. Nd5 Bd6 31. Kf1 b5
32. Ke2 bxc4 33. bxc4 Rb8 34. Rd2 Rb1 35. Rc2 a5 36. Kd3 Rd1+ 37. Rd2 Rc1
38. Nc3 Be5 39. Nb5 a4 40. Re2 Ba1 41. Re6+ Kb7 42. Re7+ Kb6 43. Rxh7 Rd1+
44. Kc2 Re1 45. Rd7 Re4 46. Kd3 Rf4 47. f3 g5 48. Ra7 1-0

[Event "Turniej Niepodleglosci 2022"]
[Site "Warsaw POL"]
[Date "2022.11.11"]
[Round "5.5"]
[White "Karolczuk, Iwo"]
[Black "Gajewski, Grzegorz"]
[Result "1/2-1/2"]
[WhiteElo "2245"]
[BlackElo "2489"]

1. e4 c5 2. Nc3 d6 3. d4 cxd4 4. Qxd4 Nc6 5. Qd2 g6 6. b3 Bh6 7. f4 f5 8.
Bb2 Nf6 9. Bd3 Qa5 10. exf5 Bxf5 11. Nge2 Bxd3 12. Qxd3 Nb4 13. Qd2 Rf8 14.
a3 Nc6 15. O-O-O g5 16. Kb1 gxf4 17. g3 O-O-O 18. gxf4 Qf5 19. Rhf1 Rg8 20.
Ng3 Qh3 21. b4 Kb8 22. Qe2 Qg4 23. Qf2 Rc8 24. Nb5 Rgf8 25. Rd3 Nh5 26. Rc3
Rxf4 27. Qe1 Rxf1 28. Qxf1 a6 29. Nxh5 Qxh5 30. Rh3 Qg6 31. Nc3 Ne5 32. b5
Nc4 33. Qe2 Nxb2 34. Kxb2 Bg7 35. Qxe7 axb5 36. Rg3 Bxc3+ 37. Rxc3 Rxc3 38.
Kxc3 Ka7 39. Qd8 Qg7+ 40. Kb3 Qf7+ 41. Kb2 Qd5 42. Qa5+ Kb8 43. Qd8+ Ka7
1/2-1/2

[Event "Turniej Niepodleglosci 2022"]
[Site "Warsaw POL"]
[Date "2022.11.11"]
[Round "5.6"]
[White "Chomczyk, Marek"]
[Black "Krasenkow, Michal"]
[Result "1-0"]
[WhiteElo "2227"]
[BlackElo "2450"]

1. e4 g6 2. d4 Bg7 3. Nc3 c6 4. f4 d5 5. e5 Qb6 6. a3 Nh6 7. Be3 Ng4 8. Bc1
f6 9. h3 Nh6 10. Nf3 Nf5 11. g4 Ng3 12. Rg1 Nxf1 13. Rxf1 h5 14. Qd3 hxg4
15. Qxg6+ Kf8 16. Ng5 1-0

[Event "Turniej Niepodleglosci 2022"]
[Site "Warsaw POL"]
[Date "2022.11.11"]
[Round "5.7"]
[White "Jakubowski, Krzysztof"]
[Black "Kowalczyk, Rafal"]
[Result "1-0"]
[WhiteElo "2404"]
[BlackElo "2093"]

1. e4 e5 2. Nf3 Nc6 3. Bc4 Nf6 4. Ng5 d5 5. exd5 Na5 6. Bb5+ c6 7. dxc6
bxc6 8. Bd3 h6 9. Ne4 Nd5 10. O-O Be7 11. a3 f5 12. Nec3 O-O 13. Re1 Bd6
14. Bf1 Nf6 15. d3 c5 16. Nd2 Bb7 17. b3 Re8 18. Bb2 Nc6 19. Nc4 Bb8 20.
Na4 Qd5 21. Ne3 Qf7 22. Nxc5 Bc8 23. Nc4 e4 24. g3 Qd5 25. b4 Nd4 26. Bxd4
Qxd4 27. dxe4 Qxd1 28. Raxd1 fxe4 29. Nd6 Bxd6 30. Rxd6 Bf5 31. c4 Rac8 32.
Nb3 Ng4 33. Nd4 Bh7 34. Bh3 1-0

[Event "Turniej Niepodleglosci 2022"]
[Site "Warsaw POL"]
[Date "2022.11.11"]
[Round "5.8"]
[White "Golubka, Petro"]
[Black "Zochowski, Kacper"]
[Result "1-0"]
[WhiteElo "2360"]
[BlackElo "2194"]

1. e4 d6 2. f4 g6 3. Bc4 Bg7 4. Nf3 Nf6 5. e5 Nh5 6. d4 O-O 7. Ng5 Bh6 8.
h4 Ng3 9. Rg1 d5 10. Bb3 f6 11. Qf3 fxg5 12. hxg5 Nf5 13. gxh6 Nxd4 14.
Qxd5+ Qxd5 15. Bxd5+ e6 16. Be4 Nd7 17. Be3 Nc5 18. Bxg6 Rd8 19. Nc3 hxg6
20. O-O-O b6 21. Bxd4 Bb7 22. Bxc5 bxc5 23. g4 Rf8 24. Rd7 Rxf4 25. Rxc7
Bf3 26. Rg7+ Kh8 27. Rxg6 Rd8 28. b3 Kh7 29. Rxe6 Bxg4 30. Rf6 Rxf6 31.
exf6 Bf5 32. Rg5 Bg6 33. Rxc5 Kxh6 34. Nd5 Re8 35. Nf4 Bf7 36. Rc7 Rf8 37.
Rxa7 Kg5 38. Nd5 Kg6 39. c4 Bxd5 40. cxd5 Kxf6 41. d6 Ke5 42. d7 Kd4 43.
Rc7 Rd8 44. Kb2 Kd5 45. a4 Kd6 46. Rc2 Ke7 47. Re2+ Kf7 48. Rd2 Ke7 49. b4
Ke6 50. Kb3 Ke7 51. b5 Rh8 52. d8=R 1-0

[Event "Turniej Niepodleglosci 2022"]
[Site "Warsaw POL"]
[Date "2022.11.11"]
[Round "5.9"]
[White "Chylewski, Patryk"]
[Black "Kosiorek, Marek"]
[Result "0-1"]
[WhiteElo "2168"]
[BlackElo "2347"]

1. e4 d6 2. d4 Nf6 3. Nc3 c6 4. a4 Nbd7 5. Nge2 e5 6. h3 exd4 7. Nxd4 Nc5
8. Qe2 Be7 9. g4 h6 10. Bg2 O-O 11. O-O Re8 12. Qd1 Bf8 13. Re1 a5 14. f4
g6 15. b3 Bg7 16. Bb2 Qb6 17. Kh1 Bd7 18. Qd2 Rad8 19. Re2 Bc8 20. Rae1 h5
21. g5 Nfd7 22. Nf3 Qb4 23. Nd1 Qxd2 24. Nxd2 Ne6 25. Bxg7 Kxg7 26. Rf2 Nb6
27. Nc3 d5 28. exd5 Nxd5 29. Nxd5 cxd5 30. Kh2 h4 31. Re5 f6 32. gxf6+ Kxf6
33. Rxd5 Rxd5 34. Bxd5 Nc5 35. Nf3 Re3 36. Ng5 Bf5 37. Bf3 Rc3 38. Bd1 Na6
39. Rd2 Nb4 40. Nf3 Nxc2 41. Bxc2 Bxc2 42. Nd4 Bxb3 43. Rb2 Bxa4 44. Rxb7
Rd3 45. Rb6+ Kf7 46. Ne6 Rd2+ 47. Kg1 Bd7 48. Ng5+ Ke7 49. Rxg6 a4 50. Ra6
Rd4 51. Nf3 Rxf4 52. Ne5 Be8 53. Kg2 Re4 54. Nf3 Bb5 55. Ra5 Re2+ 56. Kg1
Bd7 57. Nxh4 Re3 58. Ng6+ Kf6 59. Nf4 Rb3 60. Kf2 a3 61. Ne2 Rxh3 62. Ke1
Be6 63. Nf4 Rh1+ 64. Kd2 a2 65. Nxe6 Kxe6 66. Ra6+ Kd7 67. Ra7+ Kc6 68.
Ra6+ Kb7 0-1

[Event "Turniej Niepodleglosci 2022"]
[Site "Warsaw POL"]
[Date "2022.11.11"]
[Round "5.10"]
[White "Wisniewski, Michal"]
[Black "Kozak, Antoni"]
[Result "0-1"]
[WhiteElo "2130"]
[BlackElo "2326"]

1. Nf3 Nf6 2. c4 c5 3. e3 g6 4. b3 Bg7 5. Bb2 b6 6. Be2 Bb7 7. O-O O-O 8.
d4 cxd4 9. exd4 d5 10. Nbd2 Nc6 11. Ne5 dxc4 12. Bf3 c3 13. Bxc3 Rc8 14.
Rc1 Nd5 15. Bb2 Bh6 16. g3 Nxe5 17. dxe5 Ba6 18. Rxc8 Bxc8 19. Nc4 Nb4 20.
Qe2 Be6 21. a3 Na6 22. b4 Nb8 23. Ne3 Nd7 24. Rd1 Qb8 25. Bg4 Nxe5 26. Bxe6
fxe6 27. Ng4 Nxg4 28. Qxe6+ Rf7 29. Qxg4 Bg7 30. Bxg7 Kxg7 31. Qd4+ e5 32.
Qd8 Qxd8 33. Rxd8 Rc7 34. Kg2 Kf6 35. Ra8 Ke6 36. a4 Kd5 37. a5 b5 38. a6
Kc4 39. Re8 Kxb4 40. Rxe5 Ka5 41. Re6 b4 42. Kf1 b3 0-1

[Event "Turniej Niepodleglosci 2022"]
[Site "Warsaw POL"]
[Date "2022.11.11"]
[Round "5.11"]
[White "Janeczko, Jakub"]
[Black "Kacprzak, Karol"]
[Result "1-0"]
[WhiteElo "2105"]
[BlackElo "2296"]

1. e4 c5 2. d3 Nc6 3. g3 g6 4. Bg2 Bg7 5. f4 d6 6. Nf3 e6 7. O-O Nge7 8. c3
b6 9. Na3 O-O 10. Be3 Ba6 11. Nc2 Rc8 12. Bf2 Qd7 13. Qe2 Kh8 14. Rae1 e5
15. f5 f6 16. Ne3 d5 17. exd5 Nxd5 18. Nxd5 Qxd5 19. c4 Qd7 20. fxg6 hxg6
21. Nh4 Ne7 22. Nxg6+ Nxg6 23. Qh5+ Kg8 24. Bd5+ Qxd5 25. cxd5 Bxd3 26. Be3
Rcd8 27. Rd1 Rxd5 28. Rxd3 Rxd3 29. Qxg6 Rxe3 30. h4 f5 31. Qe6+ Kh8 32.
Rxf5 Rxf5 33. Qxf5 Rxg3+ 34. Kf2 1-0

[Event "Turniej Niepodleglosci 2022"]
[Site "Warsaw POL"]
[Date "2022.11.11"]
[Round "5.12"]
[White "Bebel, Arkadiusz"]
[Black "Mickiewicz, Piotr"]
[Result "0-1"]
[WhiteElo "2195"]
[BlackElo "2138"]

1. Nf3 Nf6 2. g3 g6 3. b3 Bg7 4. Bb2 O-O 5. Bg2 c5 6. c4 Nc6 7. O-O d6 8.
d4 Ne4 9. Qc2 Bf5 10. g4 Nb4 11. Qc1 Bxg4 12. a3 Nc6 13. d5 Bxb2 14. Qxb2
Nb8 15. Nh4 Nf6 16. e4 Nh5 17. f4 e5 18. Nf3 Bxf3 19. Bxf3 Nxf4 20. Nc3 Nd7
21. Kh1 a6 22. Ne2 Qh4 23. Rg1 Nh3 24. Rg2 Nf2+ 25. Kg1 Nxe4 26. Rg4 Qf2+
0-1

[Event "Turniej Niepodleglosci 2022"]
[Site "Warsaw POL"]
[Date "2022.11.11"]
[Round "5.13"]
[White "Deszczynski, Adam"]
[Black "Jakubowska, Anna"]
[Result "1/2-1/2"]
[WhiteElo "2221"]
[BlackElo "2039"]

1. d4 d5 2. c4 c6 3. Nc3 Nf6 4. e3 e6 5. Nf3 Nbd7 6. Qc2 Bd6 7. Bd3 O-O 8.
Bd2 dxc4 9. Bxc4 e5 10. O-O Qe7 11. Bd3 Re8 12. Ng5 h6 13. Nge4 Bc7 14.
Rfe1 Nxe4 15. Nxe4 Nf6 16. Nxf6+ Qxf6 17. d5 e4 18. Bf1 Qd6 19. g3 Qxd5 20.
Bc4 Qh5 21. Bc3 Bh3 22. Be2 Bg4 23. Rad1 Rad8 24. Rd4 Bb6 25. Rxd8 Rxd8 26.
Bxg4 Qxg4 27. a4 Rd5 28. b4 h5 29. a5 1/2-1/2

[Event "Turniej Niepodleglosci 2022"]
[Site "Warsaw POL"]
[Date "2022.11.11"]
[Round "5.14"]
[White "Dylong, Antoni"]
[Black "Kubicka, Anna"]
[Result "0-1"]
[WhiteElo "1910"]
[BlackElo "2162"]

1. e4 c6 2. d4 d5 3. exd5 cxd5 4. Bd3 Nf6 5. h3 Nc6 6. c3 e5 7. dxe5 Nxe5
8. Qe2 Qe7 9. Bc2 Bd7 10. Bf4 Nc4 11. b3 Nd6 12. Nd2 Rc8 13. Bxd6 Qxe2+ 14.
Nxe2 Bxd6 15. O-O O-O 16. c4 Bb4 17. Rfd1 b5 18. a3 Bxd2 19. Rxd2 dxc4 20.
Rad1 Be6 21. Nd4 cxb3 22. Bxb3 Bxb3 23. Nxb3 Rc3 24. Nd4 a6 25. Nf5 g6 26.
Ne7+ Kg7 27. a4 Re8 28. Nd5 Nxd5 29. Rxd5 b4 30. Rb1 b3 31. Rd6 Rb8 32.
Rxa6 b2 33. Rd6 Rc1+ 34. Rd1 Rxd1+ 0-1

[Event "Turniej Niepodleglosci 2022"]
[Site "Warsaw POL"]
[Date "2022.11.11"]
[Round "5.15"]
[White "Jedrusik, Adam"]
[Black "Zysko, Jan"]
[Result "1/2-1/2"]
[WhiteElo "1851"]
[BlackElo "2122"]

1. d4 Nf6 2. Bg5 g6 3. Bxf6 exf6 4. e3 d5 5. g3 Bd6 6. Bg2 c6 7. Ne2 Nd7 8.
b3 f5 9. c4 Qa5+ 10. Nbc3 Bb4 11. Qd3 Nf6 12. O-O Ne4 13. Rfc1 Be6 14. cxd5
cxd5 15. a3 Be7 16. b4 Qd8 17. Nf4 O-O 18. Qb5 Nd6 19. Qe2 Ne4 20. Nxe4
fxe4 21. Qb5 Qb6 22. Bf1 Qxb5 23. Bxb5 Bd6 24. Ra2 a6 25. Bf1 a5 26. Nxe6
fxe6 27. Bh3 Kf7 28. bxa5 Rxa5 29. Rb2 Rb8 30. Rcb1 b5 31. Bf1 Bxa3 32.
Rxb5 Raxb5 33. Rxb5 Rxb5 1/2-1/2

[Event "Turniej Niepodleglosci 2022"]
[Site "Warsaw POL"]
[Date "2022.11.11"]
[Round "5.16"]
[White "Jarocka, Liwia"]
[Black "Janczarski, Michal"]
[Result "0-1"]
[WhiteElo "1989"]
[BlackElo "2401"]

1. e4 c6 2. d4 g6 3. Nc3 d5 4. h3 Bg7 5. Nf3 dxe4 6. Nxe4 Nd7 7. Bc4 Ngf6
8. Nxf6+ Nxf6 9. O-O O-O 10. c3 Bf5 11. Re1 Be4 12. Bg5 Bd5 13. Bxd5 cxd5
14. Bxf6 Bxf6 15. Qb3 Rb8 16. Ne5 e6 17. a4 Qd6 18. Qa3 Rfd8 19. a5 Rbc8
20. Qb3 Rc7 21. Nd3 Qc6 22. Ne5 Qa6 23. Ra4 Kg7 24. Raa1 h5 25. Qd1 Qb5 26.
Qe2 Qe8 27. Nd3 Rdc8 28. Nf4 Qd8 29. Qf3 Qd7 30. Qg3 Rh8 31. Rxe6 Rc6 32.
Rxc6 bxc6 33. b4 h4 34. Qf3 Qf5 35. Nd3 Qg5 36. Qf4 Qh5 37. Qg4 Qh6 38. Qf4
Qh5 39. Re1 Rc8 40. Ne5 Re8 41. Qf3 Qg5 42. Qe3 Qf5 43. Qf3 Qc2 44. Qd3 Qb2
45. Kf1 Re6 46. Re2 Qc1+ 47. Re1 Qf4 48. Nf3 Re4 49. Rxe4 dxe4 50. Qd2 Qf5
51. Ne1 Bg5 52. Qe2 Qf4 53. Qg4 Qxg4 54. hxg4 Bd2 55. Nc2 Bxc3 56. Ke2 f5
57. f4 fxg4 58. Ke3 h3 59. gxh3 gxh3 60. Kf2 Kf6 61. Kg3 Bd2 62. Kxh3 Kf5
63. d5 cxd5 64. a6 Kxf4 65. b5 Ba5 66. Kg2 e3 67. Kf1 Ke4 68. Nb4 Bxb4 69.
b6 Bc5 0-1

[Event "Turniej Niepodleglosci 2022"]
[Site "Warsaw POL"]
[Date "2022.11.11"]
[Round "5.17"]
[White "Bartel, Michal"]
[Black "Parol, Pola"]
[Result "1-0"]
[WhiteElo "2151"]
[BlackElo "1941"]

1. d4 Nf6 2. Bf4 e6 3. e3 d5 4. Nd2 c5 5. c3 Nc6 6. Bd3 Bd6 7. Bg3 e5 8.
dxc5 Bxc5 9. Ne2 O-O 10. O-O Re8 11. Qc2 Bg4 12. Rfe1 Rc8 13. Rad1 Bb6 14.
Qb1 Bh5 15. Bf5 Ra8 16. Bh4 Qe7 17. Nf1 g6 18. Bc2 Bxe2 19. Rxe2 Rad8 20.
Bb3 h6 21. Bxf6 Qxf6 22. Bxd5 Rd6 23. Red2 Red8 24. Bxc6 Rxd2 25. Rxd2 Rxd2
26. Nxd2 Qxc6 27. Qc2 f5 28. h4 h5 29. Nf3 Qd6 30. Qb3+ Kg7 31. Ng5 Qd7 32.
Qc4 Kf6 33. Qg8 Bc7 34. Nh7+ 1-0

[Event "Turniej Niepodleglosci 2022"]
[Site "Warsaw POL"]
[Date "2022.11.11"]
[Round "5.18"]
[White "Winski, Lukasz"]
[Black "Suliborski, Artur"]
[Result "0-1"]
[WhiteElo "2112"]
[BlackElo "1882"]

1. e4 c6 2. d4 d5 3. Nc3 g6 4. Nf3 Bg7 5. exd5 cxd5 6. Bb5+ Bd7 7. Qe2 Nf6
8. Bxd7+ Nbxd7 9. Qb5 O-O 10. Nxd5 Nxd5 11. Qxd5 Qc7 12. c3 Nb6 13. Qb3 Nc4
14. O-O Rad8 15. Re1 e6 16. Bg5 Rd7 17. Bh4 Rc8 18. Bg3 Qc6 19. h3 b5 20.
Ne5 Bxe5 21. Bxe5 Qd5 22. Bg3 Rb7 23. a3 a5 24. Qc2 a4 25. Qe2 Na5 26. Rad1
Qb3 27. d5 exd5 28. Be5 Nc6 29. Bf6 Rbb8 30. Qd2 Re8 31. Qh6 0-1

[Event "Turniej Niepodleglosci 2022"]
[Site "Warsaw POL"]
[Date "2022.11.11"]
[Round "5.19"]
[White "Andrejczuk, Beata"]
[Black "Kacprzak, Kacper"]
[Result "1-0"]
[WhiteElo "1928"]
[BlackElo "2103"]

1. e4 c5 2. Nc3 Nc6 3. f4 g6 4. Nf3 Bg7 5. Bc4 e6 6. d3 Nge7 7. O-O O-O 8.
Qe1 d5 9. Bb3 b6 10. Qh4 Nd4 11. Nxd4 cxd4 12. Ne2 dxe4 13. dxe4 Nc6 14.
Qg3 Na5 15. f5 Nxb3 16. axb3 exf5 17. exf5 Bxf5 18. Rxf5 gxf5 19. Bh6 Qf6
20. Bg5 Qe5 21. Qf2 Rfe8 22. Ng3 f4 23. Bxf4 Qc5 24. b4 Qd5 25. Rf1 Rac8
26. Qd2 Rc6 27. Bg5 Rg6 28. Nf5 Bf8 29. h4 f6 30. Bh6 Bxh6 31. Nxh6+ Kg7
32. Nf5+ Kh8 33. h5 Rg5 34. Nh6 Kg7 35. Qf2 Qe5 36. Nf5+ Kh8 37. Nxd4 Reg8
38. Qxf6+ Qxf6 39. Rxf6 Rxg2+ 40. Kf1 Rh2 41. h6 Rd2 42. Nf5 Rd7 43. Nd6
Rb8 44. c4 Kg8 45. Re6 Rbd8 46. c5 Kf8 47. Kf2 Re7 48. Rf6+ Kg8 49. c6 a6
50. Kf3 b5 51. Kf4 Rf8 52. Rxf8+ Kxf8 53. Nf5 Rc7 54. Nd4 Ke7 55. Ke5 Rc8
56. Nf5+ Kf7 57. Nd6+ 1-0

[Event "Turniej Niepodleglosci 2022"]
[Site "Warsaw POL"]
[Date "2022.11.11"]
[Round "5.20"]
[White "Rozycki, Bartlomiej"]
[Black "Spicak, Krzysztof"]
[Result "1-0"]
[WhiteElo "2096"]
[BlackElo "1811"]

1. d4 d6 2. c4 e5 3. Nf3 Nc6 4. d5 Nce7 5. Nc3 g6 6. g3 Bg7 7. Bg2 h6 8.
O-O f5 9. Qc2 Nf6 10. b4 O-O 11. Bb2 g5 12. c5 Ng6 13. cxd6 cxd6 14. Nb5
Ne8 15. Rac1 Bd7 16. a4 a6 17. Na3 Rc8 18. Qb3 Nf6 19. Rxc8 Qxc8 20. Rc1
Qe8 21. a5 Ba4 22. Qa2 Qd7 23. Nc4 Rc8 24. Ra1 Bb5 25. Nb6 Qd8 26. Nxc8
Qxc8 27. Rc1 Qd7 28. Ba1 Ne7 29. Nd2 Bxe2 30. Ne4 Bb5 31. Nxf6+ Bxf6 32.
Qc2 f4 33. Qc7 fxg3 34. hxg3 Kf7 35. Kh2 h5 36. Qxd7 Bxd7 37. Rc7 Bc8 38.
f4 exf4 39. Bxf6 fxg3+ 40. Kxg3 Kxf6 41. Bf1 h4+ 42. Kf3 g4+ 43. Kf4 Nxd5+
44. Ke4 1-0

[Event "Turniej Niepodleglosci 2022"]
[Site "Warsaw POL"]
[Date "2022.11.11"]
[Round "6.1"]
[White "Piesik, Piotr"]
[Black "Nasuta, Grzegorz"]
[Result "1/2-1/2"]
[WhiteElo "2376"]
[BlackElo "2452"]

1. Nf3 d5 2. g3 Bg4 3. Bg2 e6 4. O-O Nf6 5. c4 c6 6. cxd5 Bxf3 7. Bxf3 cxd5
8. d3 Nc6 9. Nc3 Be7 10. e4 dxe4 11. dxe4 O-O 12. Be3 Qa5 13. Qb3 Bc5 14.
Ne2 Bxe3 15. Qxe3 Ne5 16. Bg2 Nc4 17. Qc3 Qxc3 18. Nxc3 Rac8 19. b3 Ne3 20.
Rfc1 Nxg2 21. Kxg2 Rfd8 22. Rd1 Kf8 23. Rxd8+ Rxd8 24. Re1 Rd2 25. h3 Ke7
26. Re3 Rc2 27. a4 Nd7 28. Nb5 a6 29. Nd4 Rd2 30. Nf3 Rb2 31. Rc3 f6 32.
Nd4 g6 33. Nc2 Kd6 34. Rd3+ Ke7 35. Rc3 Kd6 36. Rd3+ 1/2-1/2

[Event "Turniej Niepodleglosci 2022"]
[Site "Warsaw POL"]
[Date "2022.11.11"]
[Round "6.2"]
[White "Bartel, Mateusz"]
[Black "Kanarek, Marcel"]
[Result "1/2-1/2"]
[WhiteElo "2533"]
[BlackElo "2388"]

1. Nf3 Nf6 2. g3 g6 3. Bg2 Bg7 4. O-O O-O 5. d4 d5 6. c3 c6 7. Bf4 Bf5 8.
Qb3 Qb6 9. Nbd2 Nbd7 10. Qa3 Rfe8 11. c4 Ne4 12. c5 Qd8 13. Nb3 b6 14. Ne5
Nxe5 15. Bxe5 Bxe5 16. dxe5 Nxc5 17. Nxc5 bxc5 18. Qxc5 Qb6 19. Qc3 d4 20.
Qxc6 Qxb2 21. Rfe1 Rac8 22. Qa4 Qb6 23. Rac1 Red8 24. h3 Rc5 25. g4 Be6 26.
Qa3 Rxc1 27. Rxc1 Kf8 28. Bf3 Rc8 29. Rd1 Rc3 30. Qa4 Rc4 31. Qa3 Rc3 32.
Qa4 Rc4 33. Qa3 Rc3 34. Qa4 1/2-1/2

[Event "Turniej Niepodleglosci 2022"]
[Site "Warsaw POL"]
[Date "2022.11.11"]
[Round "6.3"]
[White "Mickiewicz, Piotr"]
[Black "Jakubowski, Krzysztof"]
[Result "0-1"]
[WhiteElo "2138"]
[BlackElo "2404"]

1. Nf3 d5 2. g3 Nf6 3. Bg2 c6 4. O-O Bf5 5. d3 e6 6. b3 h6 7. Bb2 Be7 8.
Nbd2 O-O 9. Ne5 a5 10. e4 Bh7 11. a4 Na6 12. f4 Qb6+ 13. Kh1 Rad8 14. Ng4
Ne8 15. f5 exf5 16. exf5 f6 17. Qe2 Rf7 18. Ne3 Bc5 19. Ng4 Bf8 20. Nf3 Re7
21. Qd2 h5 22. Nf2 Bxf5 23. Nd4 Bh7 24. Bh3 Nec7 25. Nf5 Rf7 26. Rae1 Bb4
27. Bc3 Bxc3 28. Qxc3 Qb4 29. Qb2 Nc5 30. d4 Nxa4 31. Qc1 Nc3 32. Nd3 Qf8
33. Nf4 Ne4 34. Nxh5 Re8 35. Kg1 Ng5 36. Bg2 Rxe1 37. Qxe1 g6 38. Nh6+ Qxh6
39. Nxf6+ Kh8 40. Qe5 Qg7 41. Qxg5 Ne6 42. Qe5 Nf8 43. Ng4 Rxf1+ 44. Bxf1
Qxe5 45. Nxe5 Kg7 46. Bd3 g5 47. Bxh7 Kxh7 48. Kf2 Ne6 49. Ke3 Kg7 50. h3
Kf6 51. Nd7+ Kf5 52. c3 Nd8 53. Nc5 b6 54. Nd7 b5 55. Nc5 Ne6 56. Nb7 a4
57. bxa4 bxa4 58. Nd6+ Kf6 59. Kd2 Ng7 60. Nb7 Ke7 61. Nc5 a3 62. Kc2 Nh5
63. Nd3 Nxg3 64. Ne5 Ne4 65. Nxc6+ Ke6 66. Ne5 a2 67. Kb2 Nxc3 68. Nf3 Kf5
69. h4 g4 70. Ne1 g3 71. Ng2 Kg4 72. Ka1 Kh3 73. Nf4+ Kxh4 74. Kb2 Kg4 75.
Ng2 Kh3 76. Nf4+ Kh2 0-1

[Event "Turniej Niepodleglosci 2022"]
[Site "Warsaw POL"]
[Date "2022.11.11"]
[Round "6.4"]
[White "Pacan-milej, Kosma"]
[Black "Golubka, Petro"]
[Result "0-1"]
[WhiteElo "2302"]
[BlackElo "2360"]

1. d4 b6 2. e4 Bb7 3. Bd3 e6 4. Nf3 g6 5. O-O Bg7 6. c4 d6 7. Nc3 Ne7 8.
Bg5 h6 9. Bh4 Nd7 10. Re1 a6 11. e5 dxe5 12. Nxe5 Nxe5 13. dxe5 g5 14. Bg3
Nf5 15. Bxf5 Qxd1 16. Raxd1 exf5 17. f4 Bf8 18. Nd5 O-O-O 19. h4 b5 20. b3
gxf4 21. Bxf4 Bc5+ 22. Be3 Bxe3+ 23. Rxe3 Rhe8 24. Kf2 Re6 25. Red3 Rde8
26. Nf6 0-1

[Event "Turniej Niepodleglosci 2022"]
[Site "Warsaw POL"]
[Date "2022.11.11"]
[Round "6.5"]
[White "Kosiorek, Marek"]
[Black "Kozak, Antoni"]
[Result "1-0"]
[WhiteElo "2347"]
[BlackElo "2326"]

1. c4 Nf6 2. Nc3 c5 3. Nf3 d5 4. cxd5 Nxd5 5. e3 e6 6. d4 Nc6 7. Bd3 Be7 8.
O-O O-O 9. a3 cxd4 10. exd4 Bf6 11. Bc2 Nxc3 12. bxc3 b6 13. Qd3 g6 14. Bh6
Re8 15. Qe4 Bb7 16. Qf4 Bg7 17. Rfe1 Qf6 18. Qe3 Bxh6 19. Qxh6 Rac8 20. Re3
Qg7 21. Qh3 Na5 22. Ne5 Nc4 23. Nxc4 Rxc4 24. Rae1 Rec8 25. Bb3 Qf8 26.
Bxc4 Rxc4 27. Qg3 Bd5 28. Ra1 Ra4 29. h4 h5 30. Kh2 Kh7 31. Qc7 Kg8 32. Rg3
b5 33. Re1 Rxa3 34. Re5 Qh6 35. Qd8+ Kg7 36. Reg5 Ra2 37. Qe7 Kg8 38. Qe8+
Kg7 39. Qe7 Be4 40. f3 Bf5 41. d5 Qh8 42. dxe6 Qf8 43. Rxg6+ Bxg6 44. Rxg6+
1-0

[Event "Turniej Niepodleglosci 2022"]
[Site "Warsaw POL"]
[Date "2022.11.11"]
[Round "6.6"]
[White "Psyk, Radoslaw"]
[Black "Chomczyk, Marek"]
[Result "1-0"]
[WhiteElo "2330"]
[BlackElo "2227"]

1. e4 e5 2. Nf3 Nf6 3. Nxe5 Nxe4 4. Qe2 Qe7 5. Qxe4 d6 6. d4 dxe5 7. dxe5
Nc6 8. Nc3 Qxe5 9. Qxe5+ Nxe5 10. Nb5 Bb4+ 11. Bd2 Bxd2+ 12. Kxd2 Kd8 13.
f4 Nd7 14. Bc4 Rf8 15. Rad1 c6 16. Nd6 Kc7 17. Kc1 Nc5 18. Rhe1 Be6 19.
Bxe6 Nxe6 20. f5 Rad8 21. Nxf7 Rxd1+ 22. Kxd1 Rxf7 23. Rxe6 Rxf5 24. Re7+
Kb6 25. Rxg7 Rf2 26. h4 h5 27. Rg5 a5 28. a4 Ka6 29. b3 b5 30. g3 Rg2 31.
Kc1 b4 32. Rxh5 Rxg3 33. Rc5 Kb6 34. Rc4 Kc7 35. Kd2 Kd6 36. Ke2 Kd5 37.
Kf2 Rg7 38. Kf3 c5 39. h5 Rg5 40. Rh4 Rf5+ 41. Ke3 Re5+ 42. Kd3 c4+ 43.
bxc4+ Kc5 44. h6 Re8 45. Rh5+ Kb6 46. h7 Rh8 47. c5+ Kc6 48. Kc4 1-0